Η κατάσταση στην Ελλάδα, το λαϊκό κίνημα και τα καθήκοντα των κομμουνιστών και των πρωτοπόρων αγωνιστών : απόφαση της δεύτερης ολομέλειας της ΚΕ και της ΚΕΕ του Κομμουνιστικού Κόμματος της Ελλάδας, Οχτώβρης 1951
Saved in:
| Corporate Author: | |
|---|---|
| Format: | Book |
| Language: | Greek |
| Published: |
[χ.τ.] :
Έκδοση της Κεντρικής Επιτροπής του Κομμουνιστικού Κόμματος της Ελλάδας,
1951.
|
| Subjects: | |
| Tags: |
Add Tag
No Tags, Be the first to tag this record!
|
MARC
| LEADER | 00000cam a2200000 a 4500 | ||
|---|---|---|---|
| 001 | 1/114072 | ||
| 008 | 170524s1951####xx | ||| |||| ||gre|| | ||
| 040 | |a GR-MyUa |b gre |c GR-MyUa |e AACR2 | ||
| 041 | 0 | |a gre | |
| 082 | 7 | |a 320.53209495 |2 (23) | |
| 110 | 2 | |a Κομμουνιστικό Κόμμα Ελλάδος. | |
| 245 | 1 | 2 | |a Η κατάσταση στην Ελλάδα, το λαϊκό κίνημα και τα καθήκοντα των κομμουνιστών και των πρωτοπόρων αγωνιστών : |b απόφαση της δεύτερης ολομέλειας της ΚΕ και της ΚΕΕ του Κομμουνιστικού Κόμματος της Ελλάδας, Οχτώβρης 1951 / |c [Κομμουνιστικό Κόμμα Ελλάδας] |
| 260 | |a [χ.τ.] : |b Έκδοση της Κεντρικής Επιτροπής του Κομμουνιστικού Κόμματος της Ελλάδας, |c 1951. | ||
| 300 | |a 29 σ. ; |c 12 εκ. | ||
| 506 | 1 | |a Μόνο για ανάγνωση. Βρίσκεται σε ειδικό ράφι. Διαθέσιμο εάν ζητηθεί. | |
| 610 | 2 | 0 | |a Κομμουνιστικό Κόμμα Ελλάδος. |
| 650 | 0 | |a Communism |z Greece |x History |x Sources. | |
| 852 | |a INST |b LESVOS |e 20170524 |h 320.53209495 ΚΟΜ |p 005100059274 |q 005100059274 |t BK |y 0 | ||
| 970 | |a Τζαφέρη |b Ευαγγελία |z 24-05-2017 | ||